Generovanie diagnostickej komunikácie v IP sieťach

Enregistré dans:
Détails bibliographiques
Auteur principal: Pullmann, Jakub (Auteur)
Autres auteurs: Macko, Dominik (Directeur de thèse)
Format: Manuscrit Livre
Langue:slovaque
Publié: 2017
Sujets:
Accès en ligne:http://is.stuba.sk/zp/portal_zp.pl?podrobnosti=131586
Tags: Ajouter un tag
Pas de tags, Soyez le premier à ajouter un tag!

MARC

LEADER 00000ntm a22000003a 4500
001 stuzp64561
003 SK-STU
005 20170624213551.5
007 ta
008 150427s2015----xo-----f-mn---000-0-slo-d
040 |a STU  |b slo 
041 0 |a slo 
100 1 |a Pullmann, Jakub  |u 070400  |4 aut  |U FIIT Fakulta informatiky a informačných technológií  |T FIIT Ústav počítačového inžinierstva a aplikovanej informatiky  |X 74196  |U I400  |Y 672  |7 74196 
242 0 1 |a Generation of diagnostic communication in IP networks  |y eng 
245 1 0 |a Generovanie diagnostickej komunikácie v IP sieťach 
260 |c 2017 
650 4 |a testovanie siete  |2 slo 
650 4 |a generátor sieťovej komunikácie  |2 slo 
650 4 |a sieťová komunikácia  |2 slo 
650 4 |a sieťové protokoly  |2 slo 
650 4 |a IP siete  |2 slo 
650 4 |a lokálna sieť  |2 slo 
650 4 |a network testing  |2 eng 
650 4 |a network traffic generator  |2 eng 
650 4 |a network communication  |2 eng 
650 4 |a network protocols  |2 eng 
650 4 |a IP networks  |2 eng 
650 4 |a local area network  |2 eng 
700 1 |a Macko, Dominik  |u 070400  |k Z1  |4 ths  |U FIIT Fakulta informatiky a informačných technológií  |T FIIT Ústav počítačového inžinierstva a aplikovanej informatiky  |X 35524  |U I400  |Y 672  |7 35524 
856 4 |u http://is.stuba.sk/zp/portal_zp.pl?podrobnosti=131586 
996 |b 11259  |c I* BAP40/07  |l II680  |s P  |a 0  |w stuzp64561_0001